000 02377nam a22003977a 4500
003 KnowledgeUnlatched
005 20210303104751.0
006 m o d
007 cr u||||||||||
008 210129p20202020xx o u00| u eng d
037 _5BiblioBoard
245 0 4 _aThe EIB COVID-19 Economic Vulnerability Index - An analysis of countries outside the European Union
_cEmmanouil Davradakis, Sanne Zwart, European Investment Bank, Barbara Marchitto, Ricardo Santos.
020 _a9789286147135
024 8 _ahttps://doi.org/10.2867/812925
029 1 _ahttps://library.biblioboard.com/ext/api/media/2a342c18-45bd-4f90-a704-734993d70aba/assets/thumbnail.jpg
040 _aScCtBLL
_cScCtBLL
100 1 _aDavradakis, Emmanouil
_eauthor.
506 0 _aAccess copy available to the general public.
_fUnrestricted
_2star
700 1 _aZwart, Sanne
_eauthor.
700 1 _aEuropean Investment Bank
_eeditor.
700 1 _aMarchitto, Barbara
_eauthor.
700 1 _aSantos, Ricardo
_eauthor.
264 1 _bEuropean Investment Bank,
300 _a1 online resource (1 p.)
520 _aWhich countries are most vulnerable to a virus such as COVID-19? Which countries should take the most stringent precautions to prevent the spread of such a virus? The EIB COVID-19 Economic Vulnerability Index covers countries outside the European Union and helps give us an idea of regions that need the most help. The comprehensive index takes into account risk factors such as the quality of healthcare, age of the population, structure of the economy - including reliance on tourism, remittances, commodity exports, global value chains, the capacity of the countries to implement countercyclical financial policy, strength of the banking sector, and more.
588 0 _aDescription based on print version record.
590 _aKU Open Services
650 7 _aBusiness & Economics / Finance
_2bisacsh
650 0 _aEconomics
655 0 _aElectronic books.
758 _iIs found in:
_aKnowledge Unlatched
_1https://openresearchlibrary.org/module/2774bc74-146a-484f-a7ba-ab1d6a09bbfb
856 4 0 _uhttps://openresearchlibrary.org/content/2a342c18-45bd-4f90-a704-734993d70aba
_zView this content on Open Research Library.
_70
999 _c32570
_d32570